[Event "7th Open"]
[Site "Dubai UAE"]
[Date "2005.04.06"]
[Round "3"]
[White "Gupta,Ab"]
[Black "Menshikov,A"]
[Result "1-0"]
[WhiteElo "2361"]
[BlackElo "2214"]
[EventDate "2005.04.04"]

1. d4 Nf6 2. c4 e5 3. dxe5 Ng4 4. Bf4 Nc6 5. Nf3 Bb4+ 6. Nbd2 Qe7 7. e3
Ngxe5 8. Nxe5 Nxe5 9. Be2 O-O 10. O-O Bxd2 11. Qxd2 d6 12. Qd5 Ng6 13. Bg3
Rb8 14. Qa5 b6 15. Qxa7 Bb7 16. Rfe1 f5 17. Qa4 Kh8 18. Qc2 Rf6 19. b4 Rbf8
20. a4 Qf7 21. Bh5 Qd7 22. f4 Ne7 23. Be2 Be4 24. Bd3 Re6 25. a5 bxa5 26.
bxa5 Qc6 27. Rec1 Qc5 28. Bf2 Nc6 29. Bxe4 Rxe4 30. a6 h6 31. Qb3 Na5 32.
Qb5 Nxc4 33. Qb7 Qb6 34. Rcb1 Qxb7 35. Rxb7 Ra8 36. a7 Ree8 37. Rxc7 Nd2
38. Rb7 Ne4 39. Rab1 Rg8 40. Be1 Kh7 41. Ba5 Nc5 42. Rc7 Kg6 43. Bc3 Kh7
44. Bd4 Ne6 45. Rcb7 Nxd4 46. exd4 Kg6 47. Rb8 Kh7 48. Rxg8 1-0

[Event "7th Open"]
[Site "Dubai UAE"]
[Date "2005.04.06"]
[Round "3"]
[White "Aswin,J"]
[Black "Rohit,G"]
[Result "0-1"]
[WhiteElo "2213"]
[BlackElo "2352"]
[EventDate "2005.04.04"]

1. e4 c5 2. Nc3 e6 3. Nf3 a6 4. d4 cxd4 5. Nxd4 b5 6. Be3 Bb7 7. f3 Nf6 8.
Qd2 Nc6 9. Nxc6 dxc6 10. O-O-O Qxd2+ 11. Rxd2 e5 12. h4 Be7 13. g4 Nd7 14.
Ne2 O-O-O 15. Ng3 g6 16. h5 Bc5 17. Bxc5 Nxc5 18. hxg6 hxg6 19. Rxd8+ Rxd8
20. Rh7 Rf8 21. Kd2 Ne6 22. Ke3 Kd8 23. Be2 Ke7 24. Rh1 Nc5 25. b4 Na4 26.
c4 Ra8 27. Rc1 Bc8 28. cxb5 cxb5 29. Bd1 Nb2 30. Bb3 Be6 31. Nf1 Nc4+ 32.
Bxc4 Bxc4 33. a3 Rd8 34. Kf2 Rd3 35. Ne3 Be6 36. Ra1 Rd2+ 37. Ke1 Rh2 38.
Nf1 Rg2 39. Ne3 Rb2 40. Nd1 Rh2 41. Nf2 Bc4 42. Rc1 Kf6 43. Rc3 Kg5 44. Nd3
Bxd3 45. Rxd3 Kf4 46. Rc3 Ra2 47. Kf1 Kg3 48. Ke1 Rf2 49. Rc6 Rxf3 50. Rxa6
Kxg4 51. Ke2 Rf4 52. Ke3 Kg3 53. Rb6 Rf3+ 54. Ke2 Rxa3 55. Rxb5 Kf4 56. Rb7
f5 57. exf5 gxf5 58. Rc7 e4 59. Rc5 Ra2+ 60. Kf1 e3 61. b5 Rb2 0-1

[Event "7th Open"]
[Site "Dubai UAE"]
[Date "2005.04.07"]
[Round "4"]
[White "Gagunashvili,M"]
[Black "Kacheishvili,G"]
[Result "0-1"]
[WhiteElo "2547"]
[BlackElo "2597"]
[EventDate "2005.04.04"]

1. e4 c6 2. c4 d5 3. cxd5 cxd5 4. exd5 Nf6 5. Qa4+ Nbd7 6. Nc3 g6 7. Nf3
Bg7 8. Bc4 O-O 9. d3 Nb6 10. Qb3 Bg4 11. Ng5 Rc8 12. Be3 h6 13. Nge4 Nxe4
14. Nxe4 Nxc4 15. dxc4 Qa5+ 16. Nd2 e6 17. dxe6 Bxe6 18. O-O Rfd8 19. Rfd1
b6 20. a3 Rd7 21. Nf3 Bxc4 22. Qc2 Ba6 23. Qe4 Qb5 24. Rxd7 Qxd7 25. Bd4
Re8 26. Qf4 Rd8 27. Kh1 g5 28. Qd2 Bb7 29. Bxg7 Qxd2 30. Nxd2 Rxd2 31. Bxh6
Rxf2 32. Rg1 g4 33. b4 Kh7 34. Be3 Ra2 35. Bf4 b5 36. Bb8 a6 37. Ba7 Kg6
38. Bb8 Rxa3 39. Rd1 Ra2 40. Kg1 Bxg2 41. Bf4 Kf5 42. Rd2 Ra1+ 43. Kxg2
Kxf4 44. Rf2+ Ke3 45. Rxf7 Rb1 46. Re7+ Kd3 47. Rd7+ Kc3 48. Rc7+ Kxb4 49.
Rg7 Rc1 50. Rxg4+ Rc4 51. Rg8 a5 52. Kg3 a4 53. h4 a3 54. h5 a2 55. Ra8 Kb3
56. h6 Ra4 0-1

[Event "7th Open"]
[Site "Dubai UAE"]
[Date "2005.04.07"]
[Round "4"]
[White "Aleksandrov,A"]
[Black "Zhou Jianchao"]
[Result "1-0"]
[WhiteElo "2635"]
[BlackElo "2473"]
[EventDate "2005.04.04"]

1. d4 Nf6 2. c4 g6 3. Nc3 Bg7 4. e4 d6 5. Bd3 O-O 6. Nge2 c5 7. d5 e6 8.
O-O exd5 9. exd5 Nbd7 10. Ng3 Ne8 11. Bd2 Ne5 12. Be2 f5 13. Qc1 Nc7 14. a4
a5 15. Ra3 b6 16. Re1 Ba6 17. Nd1 Qd7 18. h3 Qf7 19. Rb3 Rab8 20. Bf1 Rfe8
21. Kh1 Nd7 22. Rxe8+ Rxe8 23. Kg1 Re7 24. Nc3 Ne8 25. Nce2 Bf6 26. Nf4 Ng7
27. Bd3 Qe8 28. Qc2 Bc8 29. Nge2 Qd8 30. Nc3 Ne5 31. Bf1 g5 32. Ne6 Nxe6
33. dxe6 Bxe6 34. Nd5 Bxd5 35. cxd5 f4 36. Qf5 Rf7 37. Be2 Kg7 38. h4 Qd7
39. Qxd7 Nxd7 40. hxg5 Bxg5 41. Bg4 c4 42. Rb5 Nc5 43. Rxb6 Nxa4 44. Rxd6
Bf6 45. Rc6 Nxb2 46. d6 h5 47. Bh3 Rf8 48. d7 Nd3 49. Bxa5 Bh4 50. Rc8 Kf7
51. Bf5 Bxf2+ 52. Kf1 Bh4 53. Bg6+ 1-0

[Event "7th Open"]
[Site "Dubai UAE"]
[Date "2005.04.07"]
[Round "4"]
[White "Neverov,V"]
[Black "Miroshnichenko,E"]
[Result "1/2-1/2"]
[WhiteElo "2566"]
[BlackElo "2628"]
[EventDate "2005.04.04"]

1. c4 Nf6 2. d4 g6 3. Nc3 Bg7 4. e4 O-O 5. Nge2 d6 6. Ng3 c5 7. d5 e6 8.
Bd3 exd5 9. cxd5 a6 10. a4 Ng4 11. h3 Ne5 12. Bc2 Qh4 13. Nce2 Nbd7 14. O-O
b5 15. axb5 Nb6 16. f4 Nec4 17. bxa6 Nxb2 18. Bxb2 Bxb2 19. Ra2 Bg7 20. Qd3
Qd8 21. Rb1 c4 22. Qe3 Nd7 23. a7 Qc7 24. Nc3 Bxc3 25. Qxc3 Rxa7 26. Rxa7
Qxa7+ 27. Kh2 Qc5 28. Ba4 f6 29. Bc6 Qf2 30. Rf1 Qa2 31. Qd4 Qc2 32. Rf3
Nc5 33. Rc3 Qb1 34. Rxc4 Nd3 35. Qe3 Ba6 36. Ra4 Nc5 37. Ra3 Qb2 38. Qc3
Qf2 39. Qe3 Qb2 40. Qc3 Qf2 41. Qf3 Qd4 42. Qe3 1/2-1/2

[Event "7th Open"]
[Site "Dubai UAE"]
[Date "2005.04.07"]
[Round "4"]
[White "Wu Wenjin"]
[Black "Efimenko,Z"]
[Result "1/2-1/2"]
[WhiteElo "2535"]
[BlackElo "2620"]
[EventDate "2005.04.04"]

1. d4 Nf6 2. Nf3 e6 3. c4 b6 4. Nc3 Bb4 5. Bg5 Bb7 6. Rc1 O-O 7. e3 c5 8.
a3 cxd4 9. axb4 dxc3 10. Rxc3 Qe7 11. b5 d6 12. Be2 Nbd7 13. O-O Nc5 14.
Nd2 e5 15. Ra3 d5 16. Qa1 d4 17. exd4 exd4 18. Bf3 Bxf3 19. Rxf3 Ncd7 20.
Re1 Qc5 21. Bxf6 Nxf6 22. b3 Rfe8 23. Rd3 Rxe1+ 24. Qxe1 Re8 25. Qa1 Ne4
26. Nf3 h6 27. Qxd4 Qxd4 28. Rxd4 Nc5 29. b4 Nb3 30. Rd3 Nc1 31. Rd7 Na2
32. c5 Nc3 33. Rxa7 Re4 34. cxb6 Rxb4 35. g3 Kh7 36. b7 Rxb5 37. Nd4 Rb6
38. Nc6 Nb5 39. b8=R Rxb8 40. Rxf7 Rc8 41. Ne5 Nd6 42. Ra7 Ne4 43. f4 Nf6
44. g4 Rc1+ 45. Kg2 Rc2+ 46. Kg3 Rc3+ 47. Kf2 Rc2+ 48. Ke3 Rxh2 49. f5 Rh3+
50. Ke2 Rh2+ 51. Kf3 Rh3+ 52. Kg2 Re3 53. Ng6 Re8 54. Kg3 Re3+ 1/2-1/2

[Event "7th Open"]
[Site "Dubai UAE"]
[Date "2005.04.07"]
[Round "4"]
[White "Svetushkin,D"]
[Black "Riazantsev,A"]
[Result "1/2-1/2"]
[WhiteElo "2530"]
[BlackElo "2608"]
[EventDate "2005.04.04"]

1. e4 c6 2. d4 d5 3. Nd2 dxe4 4. Nxe4 Bf5 5. Ng3 Bg6 6. h4 h6 7. Nf3 Nd7 8.
h5 Bh7 9. Bd3 Bxd3 10. Qxd3 e6 11. Bf4 Qa5+ 12. Bd2 Bb4 13. c3 Be7 14. c4
Qc7 15. d5 cxd5 16. cxd5 Qd6 17. O-O-O Ngf6 18. Bc3 Qxd5 19. Qxd5 Nxd5 20.
Bxg7 Rh7 21. Bd4 Bf6 22. Ne4 Bxd4 23. Nxd4 N7f6 24. Nxf6+ Nxf6 25. f3 Rg7
26. g4 Rg5 27. Rhe1 Rd5 28. Ne2 Rc8+ 29. Nc3 Ke7 30. Kb1 Rxd1+ 31. Rxd1 Nd7
32. Re1 Rc5 33. Ne4 Rd5 34. Kc2 f5 35. Ng3 Kf7 36. gxf5 exf5 37. Ne2 Ne5
38. Rf1 Nc4 39. Re1 Ne3+ 40. Kc3 Nd1+ 41. Kc2 Ne3+ 42. Kc3 Nd1+ 43. Kc2
Ne3+ 44. Kc3 1/2-1/2

[Event "7th Open"]
[Site "Dubai UAE"]
[Date "2005.04.07"]
[Round "4"]
[White "Minasian,Art"]
[Black "Burmakin,V"]
[Result "1/2-1/2"]
[WhiteElo "2597"]
[BlackElo "2552"]
[EventDate "2005.04.04"]

1. g3 d5 2. Bg2 c6 3. d3 Nf6 4. Nf3 Nbd7 5. O-O e5 6. c4 dxc4 7. dxc4 Bc5
8. Nc3 O-O 9. a3 a5 10. Rb1 Qe7 11. Ng5 Bd4 12. Qc2 Nc5 13. Nd1 Ne6 14. b4
axb4 15. axb4 Bb6 16. Nxe6 Bxe6 17. c5 Bc7 18. Bg5 h6 19. Bxf6 Qxf6 20. b5
Bf5 21. e4 Be6 22. b6 Bd8 23. Nb2 Be7 24. Ra1 Ba2 25. Na4 Be6 26. Nb2 Ba2
27. Na4 1/2-1/2

[Event "7th Open"]
[Site "Dubai UAE"]
[Date "2005.04.07"]
[Round "4"]
[White "Zhang Pengxiang"]
[Black "Mchedlishvili,M"]
[Result "1/2-1/2"]
[WhiteElo "2583"]
[BlackElo "2518"]
[EventDate "2005.04.04"]

1. e4 c6 2. d4 d5 3. e5 Bf5 4. Be3 e6 5. Nd2 Qb6 6. Nb3 Nd7 7. Be2 Bg6 8.
f4 a5 9. a4 Bb4+ 10. c3 Be7 11. Nf3 h5 12. Nfd2 h4 13. O-O Nh6 14. Bf2 Nf5
15. c4 Bb4 16. c5 Qc7 17. Nc1 b6 18. Nd3 bxc5 19. dxc5 Bxd2 20. Qxd2 f6 21.
exf6 gxf6 22. b4 axb4 23. Nxb4 Qa5 24. Rfd1 Nxc5 25. Qc3 Ne4 26. Qxc6+ Kf8
27. Bb6 Qxb4 28. Qxa8+ Kg7 29. Qa5 Qd6 30. Bf3 Qxf4 31. Bxe4 dxe4 32. Rd7+
Kh6 33. Qc3 e5 34. a5 Rg8 35. Rd8 Rxd8 36. Bxd8 e3 37. Rf1 Qe4 38. h3 Bf7
39. Rxf5 Qxf5 40. Qxe3+ Kg6 41. Qf2 Qxf2+ 1/2-1/2

[Event "7th Open"]
[Site "Dubai UAE"]
[Date "2005.04.07"]
[Round "4"]
[White "Wang Rui"]
[Black "Anastasian,A"]
[Result "1/2-1/2"]
[WhiteElo "2457"]
[BlackElo "2574"]
[EventDate "2005.04.04"]

1. d4 Nf6 2. c4 e6 3. Nc3 Bb4 4. Qc2 c5 5. dxc5 Qc7 6. Nf3 Bxc5 7. g3 Qb6
8. e3 Be7 9. Bg2 a6 10. e4 d6 11. Bf4 Nbd7 12. O-O Qc7 13. Rac1 Nh5 14. Bg5
Bxg5 15. Nxg5 h6 16. Nf3 O-O 17. Rfd1 Nhf6 18. Qd2 1/2-1/2

[Event "7th Open"]
[Site "Dubai UAE"]
[Date "2005.04.07"]
[Round "4"]
[White "Bistric,F"]
[Black "Ni Hua"]
[Result "1/2-1/2"]
[WhiteElo "2440"]
[BlackElo "2638"]
[EventDate "2005.04.04"]

1. c4 e5 2. g3 c5 3. Bg2 Nc6 4. Nc3 g6 5. a3 Bg7 6. b4 d6 7. Rb1 Nge7 8. e3
O-O 9. d3 Rb8 10. Nge2 Be6 11. b5 Na5 12. e4 f5 13. exf5 gxf5 14. Bg5 Bf6
15. Bxf6 Rxf6 16. O-O b6 17. Qd2 Qf8 18. Rfe1 Re8 19. Kh1 Qg7 20. Ng1 Rff8
21. Nh3 Kh8 22. Nf4 Bg8 23. Nfd5 e4 24. Ne3 exd3 25. Qxd3 Qd4 26. Rbd1 Qxd3
27. Rxd3 Nc8 28. Rdd1 Nxc4 29. Nxc4 Rxe1+ 30. Rxe1 Bxc4 31. Bd5 Bd3 32. Kg2
Kg7 33. Kf3 Rd8 34. Kf4 Kf8 35. Re3 c4 36. Re6 Rd7 37. Kg5 Kg7 38. Re8 Ne7
39. Be6 Rc7 40. Rd8 h6+ 41. Kf4 Kf6 42. Bd5 Ng6+ 43. Ke3 f4+ 44. gxf4 Ke7
45. Rg8 Kf6 46. Rd8 Ke7 47. Ra8 Nh4 48. Be4 Bxe4 49. Kxe4 Ke6 50. a4 Nf5
51. Rf8 Rc5 52. Re8+ Ne7 53. f5+ Kf7 54. Ra8 Nxf5 55. Rxa7+ Ke6 56. Rb7
Re5+ 57. Kf4 d5 58. Rxb6+ Nd6 59. f3 Rf5+ 60. Ke3 Ke5 61. Ne2 c3 62. f4+
Rxf4 63. Nxf4 Nc4+ 64. Kd3 Nxb6 65. a5 Nc4 66. Ne2 Nxa5 67. Kxc3 Nc4 68.
Kd3 Nb2+ 69. Kc3 Nc4 70. Kd3 Nb2+ 1/2-1/2

[Event "7th Open"]
[Site "Dubai UAE"]
[Date "2005.04.07"]
[Round "4"]
[White "Maric,A"]
[Black "Volkov,S1"]
[Result "0-1"]
[WhiteElo "2416"]
[BlackElo "2634"]
[EventDate "2005.04.04"]

1. d4 Nf6 2. c4 c6 3. Nc3 d5 4. cxd5 cxd5 5. Bf4 Nc6 6. e3 Bg4 7. f3 Bd7 8.
Bd3 e6 9. Bg3 Qb6 10. Rb1 Nb4 11. Be2 Rc8 12. Nh3 Be7 13. O-O a6 14. Nf4
O-O 15. Qd2 Qa7 16. Rfc1 Rfd8 17. a3 Nc6 18. b4 Be8 19. Nd3 Nb8 20. Bf2
Nbd7 21. Nd1 Nb6 22. N1b2 Nc4 23. Nxc4 dxc4 24. Ne5 b5 25. e4 a5 26. Qc3
axb4 27. axb4 Qb7 28. Bd1 Ra8 29. Ra1 Ra6 30. Bc2 Rda8 31. Rxa6 Qxa6 32.
Be1 Qa3 33. Qxa3 Rxa3 34. Bb1 h5 35. Bc3 g5 36. g3 Kf8 37. Kg2 Ng8 38. d5
exd5 39. exd5 Nf6 40. d6 Bxd6 41. Nxc4 Rxc3 42. Rxc3 bxc4 43. Rxc4 Ke7 44.
Ba2 Bd7 45. Rd4 Bc6 46. Bxf7 g4 47. Bg6 gxf3+ 48. Kf1 Bb5+ 49. Kf2 Ng4+ 50.
Rxg4 hxg4 51. Bf5 Bd7 52. Bxd7 Kxd7 53. h3 gxh3 54. Kxf3 Bxb4 55. g4 Be1
0-1

[Event "7th Open"]
[Site "Dubai UAE"]
[Date "2005.04.07"]
[Round "4"]
[White "Ghaem Maghami,E"]
[Black "Ravi,L"]
[Result "1/2-1/2"]
[WhiteElo "2632"]
[BlackElo "2416"]
[EventDate "2005.04.04"]

1. e4 e6 2. d4 d5 3. Nc3 Bb4 4. e5 Ne7 5. Qg4 c5 6. dxc5 Nbc6 7. Bd2 O-O 8.
Nf3 f5 9. Qg3 Bxc5 10. Bd3 Nb4 11. Na4 Nxd3+ 12. cxd3 Bb6 13. O-O Bd7 14.
Nxb6 Qxb6 15. Bc3 f4 16. Qg4 Rf5 17. Nd4 Rf7 18. a4 Nc6 19. a5 1/2-1/2

[Event "7th Open"]
[Site "Dubai UAE"]
[Date "2005.04.07"]
[Round "4"]
[White "Guseinov,El"]
[Black "Kotsur,P"]
[Result "0-1"]
[WhiteElo "2391"]
[BlackElo "2599"]
[EventDate "2005.04.04"]

1. d4 Nf6 2. Bg5 e6 3. e4 h6 4. Bxf6 Qxf6 5. Nc3 Bb4 6. Nge2 Nc6 7. e5 Qh4
8. Qd3 d5 9. g3 Qd8 10. O-O-O Bf8 11. f4 Nb4 12. Qf3 c5 13. f5 Qg5+ 14. Kb1
Qxf5 15. Qxf5 exf5 16. a3 Na6 17. Nf4 Bd7 18. Bxa6 bxa6 19. Ncxd5 O-O-O 20.
dxc5 Bxc5 21. b4 Bf8 22. c4 g5 23. Nh5 Be6 24. Rd4 Kb7 25. Rhd1 f4 26. gxf4
a5 27. R1d2 axb4 28. axb4 a5 29. c5 axb4 30. c6+ Kxc6 31. Nxb4+ Bxb4 32.
Rxd8 Bxd2 33. Rxh8 gxf4 34. Kc2 Be3 35. Ra8 Kd5 36. Ng7 Bh3 37. Ra5+ Ke4
38. e6 Bxe6 39. Nxe6 fxe6 0-1

[Event "7th Open"]
[Site "Dubai UAE"]
[Date "2005.04.07"]
[Round "4"]
[White "Wang Yu A"]
[Black "Sorokin,M"]
[Result "1/2-1/2"]
[WhiteElo "2373"]
[BlackElo "2599"]
[EventDate "2005.04.04"]

1. e4 e5 2. Nf3 Nc6 3. Nc3 Nf6 4. d4 exd4 5. Nxd4 Bb4 6. Nxc6 bxc6 7. Bd3
d5 8. exd5 cxd5 9. O-O O-O 10. Bg5 c6 11. Qf3 Be7 12. Rae1 Re8 13. h3 h6
14. Bf4 Be6 15. Ne2 Bd6 16. Nd4 Bxf4 17. Qxf4 Bd7 18. b4 a5 19. a3 axb4 20.
axb4 Rxe1 21. Rxe1 c5 22. bxc5 Qa5 23. Nf3 Qxc5 24. Rb1 Re8 25. Qd4 Qxd4
1/2-1/2

[Event "7th Open"]
[Site "Dubai UAE"]
[Date "2005.04.07"]
[Round "4"]
[White "Karavade,E"]
[Black "Areshchenko,A"]
[Result "0-1"]
[WhiteElo "2355"]
[BlackElo "2595"]
[EventDate "2005.04.04"]

1. Nf3 Nf6 2. c4 g6 3. Nc3 Bg7 4. e4 d6 5. d4 O-O 6. Be2 Nbd7 7. O-O e5 8.
Be3 c6 9. d5 c5 10. Ne1 Ne8 11. g4 Kh8 12. Kh1 f5 13. gxf5 gxf5 14. exf5
Nb6 15. Rg1 Bxf5 16. Nf3 e4 17. Ng5 Qe7 18. Qd2 Nf6 19. Rg3 Nfd7 20. Rag1
Rg8 21. b3 Bf6 22. Bg4 Rxg5 23. Bxg5 Bxg5 24. Qe2 Bxg4 25. Qxg4 h6 26. Rh3
Kg7 27. Nxe4 Ne5 28. Qh5 Kf8 0-1

[Event "7th Open"]
[Site "Dubai UAE"]
[Date "2005.04.07"]
[Round "4"]
[White "Rohit,G"]
[Black "Solak,D"]
[Result "0-1"]
[WhiteElo "2352"]
[BlackElo "2582"]
[EventDate "2005.04.04"]

1. e4 c5 2. Nf3 d6 3. d4 cxd4 4. Nxd4 Nf6 5. Nc3 Bd7 6. Bg5 e6 7. Qd2 a6 8.
Be2 b5 9. Bf3 Ra7 10. O-O Be7 11. a3 O-O 12. Rfe1 Rc7 13. Rad1 Qc8 14. Re2
Rd8 15. Qf4 Be8 16. Qg3 Nbd7 17. Red2 Ne5 18. Be2 Ng6 19. Rd3 Qb7 20. f4 h6
21. f5 hxg5 22. fxg6 Rc5 23. Qh3 Re5 24. Bg4 fxg6 25. Bxe6+ Bf7 26. Bxf7+
Kxf7 27. Nf3 Rc5 28. e5 g4 29. Ng5+ Kg8 30. Qe3 Rxe5 31. Qxe5 dxe5 32.
Rxd8+ Bf8 33. Nd5 Nxd5 34. R1xd5 Qb6+ 35. Kh1 Qe3 36. Rd1 Qxg5 37. Ra8 Qf5
38. Kg1 Kh7 0-1

[Event "7th Open"]
[Site "Dubai UAE"]
[Date "2005.04.07"]
[Round "4"]
[White "Aleskerov,F"]
[Black "Sturua,Z"]
[Result "0-1"]
[WhiteElo "2319"]
[BlackElo "2530"]
[EventDate "2005.04.04"]

1. e4 c5 2. c4 Nc6 3. g3 g6 4. Bg2 Bg7 5. Ne2 a6 6. O-O b5 7. d3 Rb8 8.
Nbc3 b4 9. Nd5 e6 10. Ne3 Nge7 11. f4 f5 12. g4 Nd4 13. Nxd4 Bxd4 14. Kh1
O-O 15. Nc2 Bg7 16. d4 cxd4 17. Nxd4 fxg4 18. Be3 h5 19. f5 0-1

[Event "7th Open"]
[Site "Dubai UAE"]
[Date "2005.04.07"]
[Round "4"]
[White "Mamedov,Rau"]
[Black "Al Zendani,Z"]
[Result "1/2-1/2"]
[WhiteElo "2511"]
[BlackElo "2332"]
[EventDate "2005.04.04"]

1. e4 c5 2. Nf3 d6 3. d4 cxd4 4. Nxd4 Nf6 5. Nc3 Nc6 6. Bg5 e6 7. Qd2 Be7
8. O-O-O Nxd4 9. Qxd4 O-O 10. f4 Qa5 11. Bc4 h6 12. Bh4 e5 13. fxe5 dxe5
14. Qd3 Bg4 15. Bxf6 Bxf6 16. Rde1 Be6 17. Nd5 Bd8 18. c3 a6 19. Bb3 Qc5
20. Qg3 Qd6 21. Rd1 Qb8 22. Kb1 a5 23. a3 Ra6 24. h3 Bg5 25. Qf3 Rd8
1/2-1/2

[Event "7th Open"]
[Site "Dubai UAE"]
[Date "2005.04.07"]
[Round "4"]
[White "Asik,J"]
[Black "Ibrahimov,R"]
[Result "0-1"]
[WhiteElo "2305"]
[BlackElo "2511"]
[EventDate "2005.04.04"]

1. e4 c5 2. Nf3 d6 3. d4 Nf6 4. dxc5 Qa5+ 5. Nbd2 Qxc5 6. Bd3 g6 7. O-O Bg7
8. h3 O-O 9. Re1 e5 10. Nc4 Qc7 11. Bf1 Rd8 12. Bg5 Be6 13. Ne3 Nbd7 14. c4
h6 15. Bxf6 Nxf6 16. Nd2 Rdc8 17. Rc1 h5 18. Rc3 Bh6 19. Nd5 Bxd5 20. exd5
a5 21. g4 hxg4 22. hxg4 Kg7 23. Ne4 Nxe4 24. Rxe4 b6 25. Rh3 Rh8 26. Qb3
Bg5 27. Bg2 Rxh3 28. Qxh3 Rc8 29. Bf1 Qc5 30. Qc3 Rh8 31. Bg2 f5 32. gxf5
gxf5 33. Re1 Rh4 34. b3 Kf6 35. Kf1 Rf4 36. Re3 Qd4 37. Qxd4 Rxd4 38. Re2
e4 39. Rc2 Rd1+ 40. Ke2 Rg1 41. Bf1 Ke5 42. a3 f4 43. f3 Bh4 44. fxe4 f3+
45. Kxf3 Rxf1+ 46. Ke2 Rf2+ 0-1

[Event "7th Open"]
[Site "Dubai UAE"]
[Date "2005.04.07"]
[Round "4"]
[White "Koneru,H"]
[Black "Simonsen,H"]
[Result "1-0"]
[WhiteElo "2508"]
[BlackElo "2317"]
[EventDate "2005.04.04"]

1. Nf3 Nf6 2. g3 g6 3. Bg2 Bg7 4. d4 O-O 5. O-O d6 6. c4 Nbd7 7. Qc2 e5 8.
Rd1 Qe7 9. Nc3 c6 10. b3 Re8 11. e4 a6 12. Bb2 b6 13. Re1 Bb7 14. Rad1 b5
15. cxb5 cxb5 16. Ba3 exd4 17. Nxd4 Nc5 18. e5 dxe5 19. Ncxb5 Bxg2 20. Bxc5
Qd7 21. Kxg2 axb5 22. Nf3 Qb7 23. Qe2 Nd5 24. Qe4 Rad8 25. Kg1 f5 26. Qc2
Nf4 27. Re3 Nh3+ 28. Kf1 f4 29. Rxd8 Rxd8 30. Rd3 Re8 31. Qd1 e4 32. Rd8
Rxd8 33. Qxd8+ Kf7 34. Nd4 e3 35. Qd6 Bxd4 36. Bxd4 Qe4 37. Qd7+ Kf8 38.
Bc5+ Kg8 39. Qd8+ Kf7 40. Qf8+ Ke6 41. Qe7+ Kf5 42. g4+ 1-0

[Event "7th Open"]
[Site "Dubai UAE"]
[Date "2005.04.07"]
[Round "4"]
[White "Saleh,Nab"]
[Black "Moradiabadi,E"]
[Result "0-1"]
[WhiteElo "2260"]
[BlackElo "2502"]
[EventDate "2005.04.04"]

1. d4 Nf6 2. Nf3 g6 3. c4 Bg7 4. g3 O-O 5. Bg2 d6 6. O-O Nc6 7. Nc3 Bg4 8.
d5 Na5 9. Nd2 c5 10. Qc2 a6 11. h3 Bd7 12. b3 b5 13. Bb2 Rb8 14. Rae1 bxc4
15. bxc4 e5 16. e4 Bh6 17. Ncb1 Nh5 18. Bc3 Nb7 19. Kh2 Qc8 20. Qd1 f6 21.
Nb3 Qc7 22. Nc1 f5 23. exf5 Bxf5 24. Na3 Nf6 25. Nd3 Qd7 26. f3 Bxd3 27.
Qxd3 Qa4 28. Ba1 Nh5 29. h4 Nd8 30. Bh3 Rb7 31. Rf2 Ng7 32. Rb1 Nf5 33. h5
Qe8 34. Rxb7 Nxb7 35. Nb1 Nd4 36. Nc3 gxh5 37. Ne4 h4 38. gxh4 Qh5 39. Bxd4
cxd4 40. Rg2+ Kh8 41. Rg4 Qf7 42. Bg2 Bf4+ 43. Kh1 h5 44. Ng5 Qf5 45. Rxf4
exf4 46. Qxd4+ Qf6 47. Qe4 Qg7 48. Ne6 Nc5 49. Nxg7 Nxe4 50. Ne6 Ng3+ 51.
Kh2 Rf7 0-1

[Event "7th Open"]
[Site "Dubai UAE"]
[Date "2005.04.07"]
[Round "4"]
[White "Sundararajan,K"]
[Black "Balaji,G"]
[Result "0-1"]
[WhiteElo "2491"]
[BlackElo "2298"]
[EventDate "2005.04.04"]

1. e4 c5 2. Nf3 d6 3. d4 cxd4 4. Nxd4 Nf6 5. Nc3 a6 6. Be3 Ng4 7. Bc1 Nc6
8. Nb3 g6 9. f3 Nge5 10. Be3 Be6 11. Nd4 Bg7 12. Nxe6 fxe6 13. f4 Nd7 14.
Bc4 Qa5 15. Bd2 Nd4 16. Nb5 Qb6 17. Nxd4 Qxd4 18. Qe2 Rc8 19. Bb3 Qxb2 20.
O-O Qd4+ 21. Kh1 Qxa1 22. Rxa1 Bxa1 23. Bxe6 Bg7 24. Be3 Rc7 25. h3 Nc5 26.
Bxc5 Rxc5 27. c4 Kd8 28. a4 Kc7 29. Qa2 Rf8 30. g3 Rf6 31. f5 Rf8 32. Kg2
Ra5 33. Qb3 gxf5 34. exf5 Re5 35. Qd3 Bh6 36. Qc2 Re3 37. Qb2 Rd3 38. Qb1
Rd2+ 39. Kf3 Bg7 40. Qe4 Bd4 41. g4 Be5 42. Qe1 Rd3+ 43. Kg2 h6 44. Qh4 Bf6
45. Qe1 Ra3 46. Qd1 Rh8 47. c5 Be5 48. cxd6+ Bxd6 49. Qc1+ Kb8 50. Qb2 Rd8
51. Bc4 Rg3+ 52. Kf2 Rxh3 53. Qb1 Bc5+ 54. Kg2 Re3 55. Bxa6 Rd2+ 56. Kf1
Rf2+ 0-1

[Event "7th Open"]
[Site "Dubai UAE"]
[Date "2005.04.07"]
[Round "4"]
[White "Wang Hao"]
[Black "Ghader Pour,S"]
[Result "1-0"]
[WhiteElo "2484"]
[BlackElo "2083"]
[EventDate "2005.04.04"]

1. d4 d5 2. c4 e6 3. Nf3 c6 4. Qc2 f5 5. g3 Nf6 6. Bg2 Bd6 7. O-O O-O 8. b3
Bd7 9. Ba3 Bxa3 10. Nxa3 Be8 11. Rac1 Nbd7 12. cxd5 exd5 13. b4 Qe7 14. Qb2
a6 15. e3 Bh5 16. Ne1 Ne4 17. Nf3 Bxf3 18. Bxf3 Nb6 19. Rfe1 Na4 20. Qc2
Qxb4 21. Nb1 Nb6 22. Be2 Rae8 23. Bd3 Qe7 24. Kg2 Nd6 25. Nd2 Nd7 26. Rb1
g6 27. Rb3 Nf6 28. Nf3 Qg7 29. Ne5 Ng4 30. f4 Re7 31. Qc5 Rd8 32. Qb6 Rde8
33. Qc5 Nf7 34. h3 Nf6 35. Reb1 Nd8 36. Qc2 Nd7 37. R1b2 Nxe5 38. fxe5 Rf8
39. a4 Ne6 40. Qb1 Rff7 41. Be2 h5 42. h4 Rc7 43. Rb6 Rfd7 44. Bf3 Qe7 45.
Rd2 Nd8 46. Qd3 Kg7 47. Kh3 Ne6 48. Kg2 Rc8 49. Rd1 Qf8 50. Rh1 f4 51. Rh3
fxe3 52. Qxe3 Qd8 53. Rb3 1-0

[Event "7th Open"]
[Site "Dubai UAE"]
[Date "2005.04.07"]
[Round "4"]
[White "Gonzales,Jay"]
[Black "Mari Arul,S"]
[Result "1-0"]
[WhiteElo "2474"]
[BlackElo "2286"]
[EventDate "2005.04.04"]

1. Nf3 Nf6 2. c4 g6 3. Nc3 c5 4. g3 Bg7 5. Bg2 Nc6 6. d4 cxd4 7. Nxd4 O-O
8. O-O d6 9. Nxc6 bxc6 10. Bxc6 Rb8 11. Bg2 Qa5 12. Qc2 Bb7 13. Bd2 Bxg2
14. Kxg2 Rfc8 15. b3 d5 16. Na4 Qa6 17. c5 Ne4 18. Bf4 Rb5 19. Rac1 Qc6 20.
f3 Nc3 21. Nxc3 Rxc5 22. Nxd5 Qxd5 23. Qd2 Qxd2 24. Bxd2 Rc2 25. Rfd1 Bb2
26. Rxc2 Rxc2 27. Kf1 Bd4 28. Bh6 e5 29. Rc1 Rxc1+ 30. Bxc1 f5 31. e4 fxe4
32. fxe4 Kf7 33. Ke2 a6 34. Be3 Bc3 35. Kd3 Be1 36. Kc4 Kf6 37. a4 1-0

[Event "7th Open"]
[Site "Dubai UAE"]
[Date "2005.04.08"]
[Round "5"]
[White "Zhang Zhong"]
[Black "Aleksandrov,A"]
[Result "1/2-1/2"]
[WhiteElo "2599"]
[BlackElo "2635"]
[EventDate "2005.04.04"]

1. e4 e5 2. Nf3 Nc6 3. Bc4 Bc5 4. c3 Nf6 5. d3 a6 6. Bb3 d6 7. O-O Ba7 8.
Be3 O-O 9. Nbd2 Bxe3 10. fxe3 Ng4 11. Qe1 Kh8 12. h3 Nh6 13. Qg3 Ne7 14.
Ng5 d5 15. d4 f6 16. Ngf3 dxe4 17. Nxe4 Nef5 18. Qf2 Nd6 19. Nc5 b6 20. Ne6
Bxe6 21. Bxe6 Qe8 22. Bb3 e4 23. Nd2 a5 24. g4 a4 25. Bc2 f5 26. Qg2 Qc6
27. c4 1/2-1/2

[Event "7th Open"]
[Site "Dubai UAE"]
[Date "2005.04.08"]
[Round "5"]
[White "Volkov,S1"]
[Black "Gagunashvili,M"]
[Result "0-1"]
[WhiteElo "2634"]
[BlackElo "2547"]
[EventDate "2005.04.04"]

1. d4 d5 2. c4 c6 3. Nf3 Nf6 4. e3 Bf5 5. Nc3 e6 6. Nh4 Be4 7. f3 Bg6 8.
Qb3 Qb6 9. Nxg6 hxg6 10. g3 Bd6 11. Kf2 Qc7 12. Kg2 Nbd7 13. cxd5 exd5 14.
e4 dxe4 15. fxe4 O-O-O 16. e5 Nxe5 17. dxe5 Bxe5 18. Be3 Ng4 19. Nb5 Qd7
20. Nxa7+ Kb8 21. Bg1 Qd2+ 22. Kf3 Rd6 23. Nxc6+ Rxc6 24. Rd1 Rf6+ 25. Ke4
Qg5 26. Bg2 Qf5+ 27. Kd5 Rc8 28. Bc5 Bxb2+ 0-1

[Event "7th Open"]
[Site "Dubai UAE"]
[Date "2005.04.08"]
[Round "5"]
[White "Sturua,Z"]
[Black "Sargissian,G"]
[Result "1-0"]
[WhiteElo "2530"]
[BlackElo "2630"]
[EventDate "2005.04.04"]

1. e4 e5 2. Nf3 Nc6 3. Bb5 Nf6 4. d3 Bc5 5. O-O Nd4 6. Nxd4 Bxd4 7. c3 Bb6
8. d4 O-O 9. Bg5 h6 10. dxe5 hxg5 11. exf6 Qxf6 12. Nd2 a6 13. Bd3 d6 14.
Nc4 Ba7 15. Ne3 Bxe3 16. fxe3 Qe5 17. Qh5 Be6 18. a4 Rae8 19. Rf2 g4 20.
Qxe5 dxe5 21. Bc2 Rd8 22. Kf1 Rd6 23. Ke1 Rfd8 24. Rd1 Kf8 25. Rxd6 Rxd6
26. Rd2 Ke7 27. Bd1 a5 28. Rxd6 cxd6 29. Kd2 Kf6 30. g3 Kg5 31. Bc2 g6 32.
Ke2 b6 33. Kf2 Kf6 34. Ke1 Ke7 35. Kd2 Kd7 36. Bd1 Kc6 37. Bc2 Kc5 38. Bd1
Bc8 39. Bb3 Be6 40. Bxe6 fxe6 41. Kc2 b5 42. Kb3 d5 43. Ka3 Kc4 44. b3+
Kxc3 45. axb5 d4 46. exd4 exd4 47. b6 d3 48. b7 d2 49. b8=Q d1=Q 50. Qc7+
Kd3 51. Qd6+ Ke2 52. Qxd1+ Kxd1 53. Ka4 Kc2 54. e5 1-0